আর্থনীতিক পরিভাষা-কোষ=Terminology of economics / (Record no. 47582)
[ view plain ]
| 000 -LEADER | |
|---|---|
| fixed length control field | 00969nam a2200253 a 4500 |
| 001 - CONTROL NUMBER | |
| control field | 47582 |
| 003 - CONTROL NUMBER IDENTIFIER | |
| rucl marc code | BD-RjUL |
| 005 - DATE AND TIME OF LATEST TRANSACTION | |
| control field | 20211209054340.0 |
| 008 - FIXED-LENGTH DATA ELEMENTS--GENERAL INFORMATION | |
| fixed length control field | 160809s19901966bg |||| ||| 000 0 ben d |
| 020 ## - INTERNATIONAL STANDARD BOOK NUMBER | |
| Terms of availability | : Tk. 35.00 |
| 035 ## - SYSTEM CONTROL NUMBER | |
| System control number | (BD-RjUL)47701 |
| 040 ## - CATALOGING SOURCE | |
| Original cataloging agency | BD-RjUL |
| Language of cataloging | ben=eng |
| Transcribing agency | BD-RjUL |
| Modifying agency | BD-RjUL |
| 041 ## - LANGUAGE CODE | |
| Language code of text/sound track or separate title | ben=eng |
| 082 ## - DEWEY DECIMAL CLASSIFICATION NUMBER | |
| Edition number | 23 |
| Classification number | 330.014 |
| Author mark and year | ART 1990 |
| 110 1# - MAIN ENTRY--CORPORATE NAME | |
| Relator code | বাংলা একাডেমী |
| 245 10 - TITLE STATEMENT | |
| Title | আর্থনীতিক পরিভাষা-কোষ=Terminology of economics / |
| Statement of responsibility, etc. | বাংলা একাডেমী |
| 250 ## - EDITION STATEMENT | |
| Edition statement | ১ম সং. |
| 260 ## - PUBLICATION, DISTRIBUTION, ETC. (IMPRINT) | |
| Place of publication, distribution, etc. | ঢাকা : |
| Name of publisher, distributor, etc. | বাংলা একাডেমী , |
| Date of publication, distribution, etc. | ১৯৬৬ [৩য় মুদ্রণ ১৯৯০] |
| 300 ## - PHYSICAL DESCRIPTION | |
| Pagination | ১০৫ পৃ. ; |
| Size | ২১ সেমি. |
| 650 ## - SUBJECT ADDED ENTRY--TOPICAL TERM | |
| Topical term or geographic name as entry element | অর্থনীতি |
| Form subdivision | পরিভাষা |
| 9 (RLIN) | 143769 |
| Topical term or geographic name as entry element | Economics |
| Form subdivision | Terminology |
| 9 (RLIN) | 143706 |
| 710 ## - ADDED ENTRY--CORPORATE NAME | |
| Corporate name or jurisdiction name as entry element | বাংলা একাডেমী |
| 9 (RLIN) | 144620 |
| 942 ## - ADDED ENTRY ELEMENTS (KOHA) | |
| Source of classification or shelving scheme | Dewey Decimal Classification |
| Koha item type | Books |
| Lost status | Source of classification or shelving scheme | Damaged status | Not for loan | Collection code | Permanent Location | Current Location | Shelving location | Date acquired | Source of acquisition | Cost, normal purchase price | Total Checkouts | Full call number | Date last seen | Copy number | Koha item type |
|---|---|---|---|---|---|---|---|---|---|---|---|---|---|---|---|
| Dewey Decimal Classification | Non-fiction | Central Library, University of Rajshahi | Central Library, University of Rajshahi | 12/03/1991 | Bangla Academy , Dhaka | 35.00 | BR 330.014 ART 1990 | 09/08/2016 | C-2 | Books | |||||
| Dewey Decimal Classification | Not For Loan | Non-fiction | Central Library, University of Rajshahi | Central Library, University of Rajshahi | Reading Room | 30/05/1967 | Bangla Academy | 2.00 | B 330.014 ART 1966 | 03/11/2022 | C-1 | Books |